| 000 | 00360nam a22001457a 4500 | ||
|---|---|---|---|
| 008 | 250801b |||||||| |||| 00| 0 eng d | ||
| 020 | _a0618128484 | ||
| 050 |
_aHD62.7 _b.H38 |
||
| 100 | _aHATTEN, S. Timothy | ||
| 245 | _aSmall Business Management | ||
| 250 | _a2nd | ||
| 260 |
_aBoston _bHoughton Mifflin Company _c2003 |
||
| 300 | _axxv, 660p. | ||
| 942 | _cBK | ||
| 999 |
_c4392 _d4392 |
||